02001nam a2200241Ia 4500001000600000003000900006008004100015040001300056040001300069041001300082100001100095100002900106245006000135245006000195250001100255260001100266260001200277260004900289300004400338500131000382650003601692650003101728E0168IT-RoPAU130308s9999 xx 000 0 und d aIT-RoPAU cIT-RoPAU aITALIANO aAA.VV. gCodice Aut. SPICS: 12000 aEnciclopedia Einaudi (Volume Quindicesimo: Sistematica) bEnciclopedia Einaudi (Volume Quindicesimo: Sistematica) a1a ed. aTORINO bEinaudi c1992 [1° Ed.:1992 - Ed.Ling.Originale:1992] a"1172 p. (prefazione: 24; testo: 1148)" aPremessa di Ruggiero Romano. Sistematica Locale: Anthropos, Argomentazione, Arti, Calcolo, Capitale, Cervello, Civiltà, Classi, Cognizione, Combinatoria, Comunicazione, Concetto, Conoscenza, Corpo, Creatività, Cultura Materiale, Dialettica, Domesticamento, Eccedente, Enunciazione, Eredità, Esoterico/Essoterico, Evoluzione, Filosofia, Fisica, Generazioni, geometria e topologia, Giustizia, Guerra, Homo, Inconscio, Letteratura, Linguaggio, Locale, Logica, Macchina, Materia, Memoria, Metodo, Modo di Produzione, Mythos/Logos, Natura, Normale/Anormale, Orale/Scritto, Organico/Inorganico, Organismo, Parentela, Politica, Probabilità, Produzione/Distribuzione, Regione, Religione, Rito, Sacro/Profano, Segno, Sistema, Società, Soma/Psiche, Spiegazione, Stato, Storia, strutture Matematiche, Sviluppo/Sottosviluppo, Tempo/Temporalità, Teoria/Modello, testo , tolleranza/Intolleranza, tonale/Atonale, Tradizioni, Universo, Uomo, Visione, Vita/Morte. Ricoprimenti Tematici:Proiezioni dell'Antropologia, le vie della Forma, Dalla Biologia Alla Filosofia, I Paradossi dell'Esperienza, ipotesiCalcoli e Conoscenza, Dall'Economia Alla Storia, Lo Stato Il Grande Modello?, Unità delle Matematiche, Natura Storia e Conoscenza, L'Aporia Fondatrice delle Matematiche. 24 Illustrazioni con Relative Note. aOPERE varie DI CULTURA GENERALE eCodice materia Spics: 1002